Регионална библиотека "Любен Каравелов" - Русе

Съпругата на серийния убиец (Запис номер 528917)

MARC детайли
000 -Лидер
Лидер 00922nam a2200265 a 4500
003 - Код на организацията, давaща контролен номер
Код на организацията, даваща контролен номер BLK
005 - Дата и час на последна редакция
Дата и час на последна редакция 20250714101339.0
007 - Фиксирано поле за физическо описани
Физическо описание ta
008 - Елементи от данни с фиксирана дължина
Елементи с фиксирана дължина 221104b bu |||||r|||| 00| | bu d
020 ## - Международен стандартен номер на книга ISBN
ISBN 9789542849391
040 ## - Източник на каталожния запис
Код на библиотеката BLK
041 ## - Код за език
Език Български
Език за КДБФ Български
080 ## - УДК
9 (RLIN) 226698
УДК текст Американска литература (на САЩ)
УДК код 821.111(73)
УДК – определител -31
УДК – код + определител 821.111(73)-31
084 ## - Класификационен индекс по друга класификация
Авторски знак Хъ - Х 96
100 ## - Редна дума - Автор
R(LIN) 497696
Автор Хънтър, Алис
245 ## - Сведения за заглавието
Заглавие Съпругата на серийния убиец
Авторска отговорност Алис Хънтър; прев. от англ. Снежана Ташева
260 ## - Област на издателските данни
9 (RLIN) 217021
Място на издаване София
Име на издателя Сиела Норма
Година на издаване 2025
300 ## - Физическа характеристика
Брой страници 404 с.
Размер 21 см
380 ## - Жанр
Жанр Худож. лит.
700 1# - Други автори (авторска отговорност)
9 (RLIN) 128091
Друг автор Ташева, Снежана Ташева
856 ## - Електронен адрес и достъп
Инструкция (цена за достъп) 0.00
Права за достъп disable
942 ## - АРТИКУЛИ
Вид на библиотечния документ Книги
Скрит в OPAC Не
Koha issues (borrowed), all copies 47
944 ## - СЪЗДАВАНЕ И РЕДАКЦИЯ на ЗАПИСА
Дата на регистрацията/редакция Нора Радева
Служител, извършил регистрацията/редакцията 30570
Създаване/Редакция
Номер на служител Моника Янева
999 ## - СИСТЕМНИ КОНТРОЛНИ НОМЕРА
Koha biblionumber 528917
Koha biblioitemnumber 528917
999 ## - СИСТЕМНИ КОНТРОЛНИ НОМЕРА
Koha biblioitemnumber 498571
Наличности
Код за отписване Код за изгубен артикул Източник на класификационната схема Код за повреда Код за отдаване Артикулен № Име на библиотеката - собственик Име на библиотеката, в която се намира в момента Статус (Текущо местоположение) Дата на вписване в системата Местоположение - отдел Цена в лева Инвентарен номер Систематично азбучна сигнатура Баркод Цена в евро Служебен тип на артикула
  Не е изгубен Universal Decimal Classification Не е повреден заемане за дома 963973 Регионална библиотека "Любен Каравелов" Русе Регионална библиотека "Любен Каравелов" Русе Заемна - подръчен фонд 2025-03-18 Заемна - подръчен фонд 13.93 120000918926 821-31/Х 96 А 120000918926 7.12 Книги
  Не е изгубен Universal Decimal Classification Не е повреден заемане за дома 963974 Регионална библиотека "Любен Каравелов" Русе Регионална библиотека "Любен Каравелов" Русе Заемна - подръчен фонд 2025-03-18 Заемна - подръчен фонд 13.93 120000918927 821-31/Х 96 А 120000918927 7.12 Книги
Vip Innovations Ltd, Rousse, Bulgaria 2025